भारत में समूह गान : (Record no. 112201)

MARC details
000 -LEADER
fixed length control field 01221nam a22002777a 4500
005 - DATE AND TIME OF LATEST TRANSACTION
control field 20170124102935.0
010 ## - LIBRARY OF CONGRESS CONTROL NUMBER
LC control number B-170133
020 ## - INTERNATIONAL STANDARD BOOK NUMBER
Terms of availability 500.00
International Standard Book Number 8188134392
035 ## - SYSTEM CONTROL NUMBER
System control number B-170133
037 ## - SOURCE OF ACQUISITION
Source of stock number/acquisition Cen Lib/Ret
040 ## - CATALOGING SOURCE
Original cataloging agency DPL
Language of cataloging HN
082 ## - DEWEY DECIMAL CLASSIFICATION NUMBER
Classification number 782.50954
Item number कालिया
100 ## - MAIN ENTRY--PERSONAL NAME
Personal name कालिया शशि
9 (RLIN) 3694
245 ## - TITLE STATEMENT
Title भारत में समूह गान :
Statement of responsibility, etc शशि कालिया
Remainder of title परम्परा एवं स्वरुप
246 ## - VARYING FORM OF TITLE
Title proper/short title bharat me samuh gaan :prampra evam swarup
Remainder of title by Shashi Kalia
260 ## - PUBLICATION, DISTRIBUTION, ETC. (IMPRINT)
Place of publication, distribution, etc नई दिल्ली
Name of publisher, distributor, etc सत्यम पब्लिशिंग हाउस
Date of publication, distribution, etc 2005
270 ## - ADDRESS
Address एन.3/25,मोहन गार्डन
City नई दिल्ली
Postal code 110059
300 ## - PHYSICAL DESCRIPTION
Extent 280पृष्ठ.
Dimensions 21सेमी (सजिल्द )
500 ## - GENERAL NOTE
General note सहायक ग्रन्थ सूची शामिल
650 ## - SUBJECT ADDED ENTRY--TOPICAL TERM
Topical term or geographic name as entry element भारतीय संगीत
9 (RLIN) 779
650 ## - SUBJECT ADDED ENTRY--TOPICAL TERM
Topical term or geographic name as entry element समूहगान -सामूहिकता
9 (RLIN) 1227
650 ## - SUBJECT ADDED ENTRY--TOPICAL TERM
Topical term or geographic name as entry element Indian Music
9 (RLIN) 24925
650 ## - SUBJECT ADDED ENTRY--TOPICAL TERM
Topical term or geographic name as entry element group song-samuhikta
9 (RLIN) 46309
700 ## - ADDED ENTRY--PERSONAL NAME
9 (RLIN) 45979
942 ## - ADDED ENTRY ELEMENTS (KOHA)
Source of classification or shelving scheme Dewey Decimal Classification
Koha item type Hindi Books
Classification part 782.50954
Call number suffix कालिया
Holdings
Withdrawn status Lost status Damaged status Not for loan Home library Current library Date acquired Source of acquisition Cost, normal purchase price Total Checkouts Full call number Barcode Date last seen Copy number Cost, replacement price Price effective from Koha item type
        Central Library Central Library 07/08/2015 Cen Lib/Ret 500.00   782.50954 कालिया B-170133 07/08/2015 1 500.00 07/08/2015 Hindi Books

© Delhi Public Library
Hit Counter
free hit counter